[Event "Burjassot U2200 op 7th"]
[Site "Burjassot"]
[Date "2019.09.20"]
[Round "2"]
[White "Ferrando Garcia, German"]
[Black "Aleixandre Orti, Alvar"]
[Result "1/2-1/2"]
[WhiteElo "1348"]
[BlackElo "1554"]
[PlyCount "84"]
[EventDate "2019.09.06"]
[EventType "swiss"]
[EventRounds "7"]
[EventCountry "ESP"]
[SourceTitle "EXT 2024"]
[Source "ChessBase"]
[SourceDate "2023.10.10"]
[SourceVersion "1"]
[SourceVersionDate "2023.10.10"]
[SourceQuality "1"]

1. d4 Nf6 2. c4 g6 3. Nc3 Bg7 4. e4 d6 5. f4 c5 6. d5 Bg4 7. Nf3 Nbd7 8. h3 Bxf3 9. Qxf3 Rb8 10. Bd3 0-0 11. 0-0 a6 12. f5 Ne5 13. Qe2 Qc7 14. Bd2 Nfd7 15. Bg5 Rfe8 16. Rf2 Nxd3 17. Qxd3 Ne5 18. Qe2 Rf8 19. Raf1 Qd7 20. f6 exf6 21. Bxf6 Bxf6 22. Rxf6 b5 23. h4 h5 24. b3 bxc4 25. bxc4 Rb4 26. Nd1 Rxc4 27. Nf2 a5 28. Nd3 Nxd3 29. Qxd3 Rd4 30. Qe2 Qe7 31. Qf3 Rxe4 32. Rxd6 Rxh4 33. Rf6 Rd4 34. a3 Qe4 35. Qf2 Qxd5 36. Rxg6+ Kh7 37. Qf6 fxg6 38. Qxf8 Rd1 39. Qe7+ Kh6 40. Qf8+ Kh7 41. Qe7+ Kh6 42. Qf8+ Kh7 1/2-1/2